General History : (Record no. 186082)

000 -LEADER
fixed length control field 00941 a2200169 4500
003 - CONTROL NUMBER IDENTIFIER
control field Nust
005 - DATE AND TIME OF LATEST TRANSACTION
control field 20230330114104.0
040 ## - CATALOGING SOURCE
Transcribing agency Nust
082 ## - DEWEY DECIMAL CLASSIFICATION NUMBER
Classification number 900,CAR
100 ## - MAIN ENTRY--PERSONAL NAME
Personal name Carter, E.H
9 (RLIN) 111585
245 ## - TITLE STATEMENT
Title General History :
Remainder of title in outline and story /
Statement of responsibility, etc. E.H.Carter & C.K Ogden
260 ## - PUBLICATION, DISTRIBUTION, ETC.
Place of publication, distribution, etc. New York
Name of publisher, distributor, etc. Orthologic Institute
Date of publication, distribution, etc. 1938
300 ## - PHYSICAL DESCRIPTION
Extent 288:p
505 ## - FORMATTED CONTENTS NOTE
Formatted contents note The First Stage (Page-11), The Early Developments in the East (Page-23), The Great Days of Greece (Page-52), The Great Days of Rome (Page-72), The Middle Ages (Page-101), The New Birth of Europe (Page-142), New Forces in Religion and The Growth of a New outlook (Page-158), The Expansion of Europe Overseas (Page-176), The Great Kings of Europe (Page-193), The American Revolution (Page-205), The French Revolution and Napoleon (Page-212), The Birth of New Nations (Page-225), The World of the present Day (Page-258).
650 ## - SUBJECT ADDED ENTRY--TOPICAL TERM
Topical term or geographic name entry element General History
9 (RLIN) 111586
942 ## - ADDED ENTRY ELEMENTS (KOHA)
Source of classification or shelving scheme
Koha item type Book
Holdings
Withdrawn status Lost status Source of classification or shelving scheme Damaged status Not for loan Permanent Location Current Location Shelving location Date acquired Full call number Barcode Date last seen Price effective from Koha item type Public note
          Military College of Signals (MCS) Military College of Signals (MCS) General Stacks 12/12/2016 900,CAR MCS29406 12/08/2016 12/12/2016 Book Almirah No.75, Shelf No.4
© 2023 Central Library, National University of Sciences and Technology. All Rights Reserved.